[Event "EU-ch 2nd"]
[Site "Ohrid"]
[Date "2001.06.07"]
[Round "7"]
[White "Blatny, Pavel"]
[Black "Zelcic, Robert"]
[Result "0-1"]
[WhiteElo "2547"]
[BlackElo "2503"]
[Annotator "Ftacnik,L"]
[PlyCount "80"]
[EventDate "2001.06.01"]
[EventType "swiss"]
[EventRounds "13"]
[EventCountry "YUG"]
[SourceTitle "CBM 084"]
[Source "ChessBase"]
[SourceDate "2001.09.13"]
[SourceVersion "1"]
[SourceVersionDate "2001.09.13"]
[SourceQuality "1"]

1. b3 d5 2. Bb2 Bg4 3. h3 Bh5 4. d3 Nc6 5. c4 (5. g4 Bg6 6. Bg2 (6. Nf3 h5 (
6... f6 7. c4 d4 8. b4 e5 9. b5 Bb4+ 10. Nbd2 Nb8 11. Bg2 Nd7 12. O-O h5 13. a3
Bd6 14. Nh4 {1-0 Blatny,P-Braunlich,T/Virginia Beach 2001/ (43)}) 7. g5 e5 8.
Nxe5 Nxe5 9. Bxe5 Qxg5 10. Bb2 h4 11. Qd2 Qf5 12. Qe3+ Kd7 13. Nd2 Ne7 14. Rg1
Nc6 15. Rg5 Qe6 16. Qxe6+ Kxe6 17. Bg2 {1-0 Blatny,P-Wells,P/Austria/2000/ (30)
}) 6... h5 7. c4 e6 8. cxd5 exd5 9. Nc3 d4 10. Nb5 hxg4 11. Qc1 Nge7 12. Qf4
Rc8 13. hxg4 Rxh1 14. Bxh1 f6 15. Kf1 Qd7 16. Nxd4 Ne5 17. Bxb7 {1-0 Vasiukov,
E-Tseitlin,M/Voskresensk/1990/ (23)}) (5. Nd2 e5 6. Ngf3 Bd6 7. e3 Qe7 8. Be2
Nf6 9. O-O O-O-O 10. Nh4 Bxe2 11. Qxe2 Qd7 12. Qf3 Rhe8 13. Nf5 Bf8 14. Ng3 Qe6
{0-1 Rotstein,A-Degraeve,J/GER/2000/ (62)}) 5... d4 6. b4 $1 Nxb4 (6... e5 7.
b5 Bb4+ 8. Nd2 Nce7 9. g4 Bg6 10. Bg2 c6 11. Ngf3 $13) 7. Qa4+ Nc6 8. g4 Bg6 9.
Nf3 Qd7 (9... e5 $5 10. Nxe5 Bb4+ 11. Kd1 (11. Nd2 $2 Bxd2+ 12. Kxd2 Qg5+ 13.
e3 Qxe5 14. Bxd4 Qg5 15. h4 Qxg4 16. Be2 Qd7 17. Bxg7 O-O-O 18. Bxh8 Bxd3 $13)
11... Nge7 $11) 10. Nxd4 Nxd4 (10... e6 11. Nxc6 Ne7 12. Bg2 Nxc6 13. Nd2 $14)
11. Qxd7+ Kxd7 12. Bxd4 e5 $5 {[%mdl 4] Both players are very inventive in the
opening, black has every reason to hope for equality.} 13. Bc3 (13. Bxe5 Bxd3 (
13... Re8 14. d4 c5 15. Nc3 f6 16. Bg3 cxd4 17. Rd1 Bc5 $13) 14. exd3 Re8 15.
d4 f6 16. Nd2 (16. f4 fxe5 17. dxe5 g5 $13) 16... fxe5 17. d5 Bb4 $13) 13... e4
14. Nd2 (14. dxe4 Bxe4 15. Rg1 Rd8 16. Nd2 Bc6 17. Rg3 Kc8 18. e4 $14) 14...
exd3 15. e4 f6 16. Bxd3 Rd8 17. Ke2 (17. Nf3 Bc5 18. Ke2 Ne7 $14) 17... Bd6 18.
Nb3 Ne7 19. Rhd1 Kc8 (19... b6 20. c5 $1 bxc5 21. Bb5+ Kc8 22. Ba6+ Kb8 23.
Rab1 $14) 20. c5 Be5 (20... Bf4 21. Nd4 Be5 22. Ke3 Rhe8 23. f3 Bf7 $11) 21.
Bxe5 fxe5 {The pawn structure offers enough chances for black's counterpunches.
} 22. Ke3 (22. Rab1 Nc6 23. Ke3 Bf7 $11) 22... Bf7 23. Na5 (23. Rab1 Nc6 $11)
23... b6 24. Bc4 $5 (24. Ba6+ Kb8 25. a3 h5 $11) 24... Bxc4 25. Nxc4 Nc6 26.
cxb6 (26. Rab1 Rxd1 27. Rxd1 Rd8 $11) 26... axb6 27. Rdc1 Kb7 28. a4 Ra8 29. a5
$2 {Blatny hopes to stirr some chances out of the equal position, but he
underestimates the power of black's a pawn.} (29. Rcb1 h5 $1 30. g5 Rhf8 31.
Ra2 (31. a5 Nd4 $1 32. Kd3 Rf3+ 33. Ne3 Rxh3 $17) 31... Rf4 32. Nxe5 Rh4 33.
Nxc6 Rxh3+ 34. f3 Kxc6 35. Rd1 $11) 29... Nxa5 (29... bxa5 30. Rab1+ Ka6 (30...
Kc8 31. Nb6+ cxb6 32. Rxc6+ Kd7 33. Rcxb6 $14) 31. Nd6 Nb4 32. Rxc7 $14) 30.
Nxa5+ (30. Nxe5 $2 Rae8 31. Nf7 Rhf8 32. Ng5 h6 33. Nf3 Nb3 $19) 30... Rxa5 31.
Rxa5 bxa5 32. Rc5 (32. Rb1+ Ka6 33. Rc1 Rc8 34. Rc6+ Kb5 35. Re6 a4 36. Rxe5+
Kb4 $17) 32... Kb6 33. Rxe5 Rd8 34. Rf5 (34. Rd5 Rxd5 35. exd5 Kc5 36. Ke4 a4
$19) 34... a4 35. Ke2 a3 36. Rf3 Ra8 $1 (36... Rd4 37. Rxa3 Rxe4+ 38. Kd2 $11)
37. Rb3+ Kc5 38. Rb1 a2 39. Ra1 Kd4 40. Kf3 (40. f3 Kc3 41. e5 Kb2 $19) 40...
g5 (40... g5 41. e5 Kc3 42. e6 Kb2 $19) 0-1

[Event "FRA-ch"]
[Site "Chartres"]
[Date "2005.08.16"]
[Round "11"]
[White "Vaisser, Anatoli"]
[Black "Marzolo, Cyril"]
[Result "1-0"]
[WhiteElo "2576"]
[BlackElo "2388"]
[Annotator "Ftacnik,L"]
[PlyCount "39"]
[EventDate "2005.08.15"]
[EventType "tourn"]
[EventRounds "11"]
[EventCountry "FRA"]
[EventCategory "13"]
[SourceTitle "CBM 109"]
[Source "ChessBase"]
[SourceDate "2005.11.14"]
[SourceVersion "1"]
[SourceVersionDate "2005.11.14"]
[SourceQuality "1"]

1. b3 e5 2. Bb2 Nc6 3. e3 Nf6 4. Bb5 Bd6 5. Ne2 O-O 6. Ng3 Ne7 {Marzolo choses
somewhat artificial manouver in the hope to occupy the center with his pawns.}
(6... a6 7. Be2 Re8 8. c4 Bf8 9. Nc3 Nd4 10. O-O Nxe2+ 11. Ngxe2 d5 12. cxd5
Nxd5 13. Nxd5 Qxd5 14. d4 e4 15. Qc2 Bd6 {1/2-1/2 Cuenca Castilla,M-Garcia
Munoz,J /Malaga 1999/ (30)}) (6... Re8 7. O-O a6 8. Bxc6 dxc6 9. d3 Qe7 10. a4
Be6 11. Nd2 Rad8 12. a5 Bc8 13. Ra4 Nd5 14. Qf3 g6 15. Nc4 {1-0 Franic,M (2415)
-Wiley,T (2274)/Pula 2004/ (24)}) 7. f4 $5 Ng6 (7... exf4 8. Bxf6 gxf6 (8...
fxg3 $2 9. Qg4 g6 10. hxg3 $18) 9. exf4 $13) 8. f5 (8. Nf5 Ne8 9. h4 $5 (9.
fxe5 Bxe5 10. Bxe5 Nxe5 11. O-O d5 $11) 9... a6 10. Bd3 exf4 11. Nxd6 Nxd6 12.
h5 $14) 8... Ne7 9. Bd3 c6 (9... Nc6 10. O-O Bc5 11. Nc3 d5 $13) 10. Nc3 Bc7
11. O-O d5 12. e4 a6 {Black might have been satisfied with the outcome of the
opening, but his further play is not focused enough. It made more sense to
centralize the bishop from the square c7.} (12... Bb6+ 13. Kh1 Bd4 $1 14. Nh5
Qd6 $15) 13. a4 g6 (13... Bb6+ 14. Kh1 Bd4 $1) 14. Qe2 Kh8 (14... gxf5 15. exf5
Kh8 (15... e4 $2 16. Ncxe4 Nxe4 17. Bxe4 dxe4 18. Nxe4 $18) 16. Kh1 $13) 15.
Kh1 gxf5 (15... d4 16. Nd1 gxf5 17. exf5 Ned5 18. Bc4 $11) 16. exd5 f4 $2 (
16... cxd5 17. Bxf5 $5 (17. Nxf5 Ng6 18. Qe1 Be6 $11) 17... Nxf5 18. Nxf5 Be6
19. Ba3 Re8 20. Nd6 Bxd6 21. Bxd6 Qxd6 22. Rxf6 $14) 17. Rxf4 $1 {[%mdl 64]
With one spirited shot Vaisser is achieving the limit of his dreams. Black's
pawns are shattered and all white pieces can now participate in the
devastating kingside attack.} Ng6 (17... exf4 18. Nce4 Nexd5 19. Nxf6 Nxf6 20.
Qh5 $18) 18. Rff1 Nxd5 (18... cxd5 19. Rxf6 $1 Qxf6 20. Nxd5 Qd6 21. Nxc7 Qxc7
22. Bxg6 $18) 19. Nxd5 Qxd5 (19... cxd5 20. Bxg6 hxg6 21. Bxe5+ $18) 20. Qh5 (
20. Qh5 Be6 (20... Rg8 21. Bc4 Qxd2 22. Rxf7 Rg7 23. Rxg7 Kxg7 24. Rf1 $18) 21.
Ne4 Rg8 22. Nf6 Qxg2+ 23. Kxg2 Nf4+ 24. Kf2 Nxh5 25. Nxh5 $18) 1-0

[Event "ESP-chT"]
[Site "Sanxenxo"]
[Date "2004.11.20"]
[Round "3"]
[White "Narciso Dublan, Marc"]
[Black "Nielsen, Peter Heine"]
[Result "0-1"]
[WhiteElo "2487"]
[BlackElo "2663"]
[Annotator "Ftacnik,L"]
[PlyCount "60"]
[EventDate "2004.11.18"]
[EventType "team"]
[EventRounds "9"]
[EventCountry "ESP"]
[SourceTitle "CBM 105"]
[Source "ChessBase"]
[SourceDate "2005.04.11"]
[SourceVersion "1"]
[SourceVersionDate "2005.04.11"]
[SourceQuality "1"]

1. b3 g6 2. Bb2 Nf6 3. e4 c5 {It is very rare to see the normal opening
position after three moves that was not played before in known games!} (3...
Bg7 4. e5 Nd5 5. d4 d6 6. Nf3 O-O 7. c4 Nf4 8. Qd2 dxe5 9. Nxe5 Bxe5 10. dxe5
Qxd2+ 11. Kxd2 Nc6 12. Ke3 Ne6 13. Nc3 Nxe5 14. Nd5 Ng4+ 15. Kf3 f5 16. c5 Ng5+
17. Kf4 Ne4 18. Nxe7+ Kf7 {Morozevich,A-Van der Wiel,J/Tilburg 1993/ 0-1 (42)})
4. e5 Nd5 5. e6 (5. Qf3 Nb4 6. Bc4 (6. Qc3 Bg7 7. Qxc5 N8c6 8. f4 d6 $17) 6...
e6 7. Qc3 Bg7 8. a3 N4c6 9. f4 Nd4 $13) 5... f6 6. exd7+ Bxd7 7. Bc4 (7. Nc3
Bc6 8. Qg4 Bg7 9. O-O-O Nxc3 10. Bxc3 Qd7 $11) 7... Nf4 8. g3 (8. Qf3 Bc6 9.
Qxf4 Bxg2 10. Qe3 Qd6 11. Nc3 Bxh1 $17) 8... Bc6 9. Nf3 (9. f3 b5 10. Bxb5 Bxb5
11. gxf4 Bh6 12. Nc3 Bc6 $11) 9... b5 10. Bf1 (10. Bxb5 Bxb5 11. gxf4 Bc6 12.
Rg1 Qd6 13. Qe2 Qxf4 14. Rg3 Qf5 15. d3 Nd7 16. Nbd2 $11) 10... Nd5 11. d4 $6 {
Narciso strives to open up the center, but his trategy is risky due to the
unprotected nature of the Nf3.} (11. Bg2 e5 12. Qe2 Be7 13. O-O $11) 11... Nb6
(11... Nc7 12. Bg2 cxd4 13. Qxd4 Qxd4 14. Bxd4 e5 15. Bb2 Nd7 $15) 12. c3 e5
13. Bg2 (13. Qe2 cxd4 14. cxd4 Bb4+ 15. Bc3 Bxc3+ 16. Nxc3 b4 17. Ne4 O-O 18.
dxe5 Qd5 $17) 13... e4 (13... cxd4 14. cxd4 Bb4+ 15. Bc3 Bxc3+ 16. Nxc3 e4 17.
Nd2 f5 18. Ne2 $15) 14. Nfd2 f5 15. d5 $5 {[%mdl 64] Very attratctive and
unusual combination, white hopes to win the exchange on h8.} Qxd5 (15... Nxd5
$2 16. c4 Nf6 17. cxb5 Bb7 (17... Bxb5 18. Nxe4 $16) 18. Nxe4 Qxd1+ 19. Kxd1
Nxe4 20. Re1 Rg8 21. f3 $16) 16. c4 Qg8 17. Bxh8 (17. cxb5 Bxb5 18. Na3 Bd3 19.
Bxh8 Qxh8 20. Bf1 Bg7 21. Rc1 Bb2 22. Bxd3 exd3 23. Nac4 Bxc1 24. Qxc1 Nc6 $15)
17... Qxh8 18. Na3 (18. cxb5 Qxa1 19. bxc6 Nxc6 $17) 18... b4 19. Nc2 (19. Nb5
Qe5 20. a4 a6 21. O-O axb5 $19) 19... Bg7 20. Rb1 N8d7 21. O-O (21. f4 O-O-O
22. Qe2 Nf8 23. Rd1 Ne6 $17) 21... O-O-O {Nielsen seems to enjoy full
compensation for the exchange, since white pieces have scant access to the
black's exposed queenside structure.} 22. Qe2 Ne5 23. Rfd1 (23. a3 a5 24. axb4
axb4 25. f3 Bh6 26. Ne3 Nd3 27. f4 (27. fxe4 Qd4 28. Rf3 fxe4 $19) 27... Bg7
$15) 23... h5 24. Nxe4 $2 {The pure impatience; white sacrifices material in
order to speed up his piece activity, but his compensation will be scant.} (24.
f3 $1 h4 25. fxe4 hxg3 26. hxg3 Ng4 27. Nf1 Re8 28. Qd2 fxe4 29. Qd6 $13) 24...
fxe4 25. Bxe4 Qe8 $1 (25... Re8 26. Bxc6 Nxc6 27. Qf3 Re6 $17) 26. Rxd8+ Kxd8
27. Re1 (27. f4 Bxe4 (27... Nexc4 28. Qd1+ (28. Qd3+ Bd4+ 29. Nxd4 Bxe4 30.
Ne6+ Kc8 31. Qxe4 Nd2 32. Qc2 Nxb1 33. Qxc5+ $11) 28... Bd7 $17) 28. Qxe4 Nc6
29. Qxe8+ Kxe8 $17) 27... g5 28. f4 gxf4 29. gxf4 Bxe4 30. Qxe4 Qg6+ {Narciso
could certainly have played on, but enemy's position is indeed technically
winning.} (30... Qg6+ 31. Qxg6 Nxg6 32. Rf1 Ke7 33. Kg2 Nh4+ 34. Kf2 Nf5 $17)
0-1

[Event "Olympiad-34"]
[Site "Istanbul"]
[Date "2000.10.31"]
[Round "4.1"]
[White "Sasikiran, Krishnan"]
[Black "Shabalov, Alexander"]
[Result "1-0"]
[WhiteElo "2573"]
[BlackElo "2601"]
[Annotator "Ftacnik,L"]
[PlyCount "57"]
[EventDate "2000.10.28"]
[EventType "team-swiss"]
[EventRounds "14"]
[EventCountry "TUR"]
[SourceTitle "EXT 2001"]
[Source "ChessBase"]
[SourceDate "2000.11.22"]
[SourceVersion "1"]
[SourceVersionDate "2000.11.22"]
[SourceQuality "1"]
[WhiteTeam "India"]
[BlackTeam "US of America"]
[WhiteTeamCountry "IND"]
[BlackTeamCountry "USA"]

1. b3 e5 2. Bb2 Nc6 3. e3 a6 4. c4 g6 5. Nc3 Bg7 6. g3 h5 7. Bg2 d6 (7... h4 8.
Nge2 d6 9. d3 Nge7 $13) 8. h3 Nh6 9. d3 O-O (9... h4 10. g4 f5 11. gxf5 Bxf5
12. Nf3 $13) 10. Qd2 (10. Nge2) 10... Bd7 11. Nge2 Rb8 12. Rc1 (12. O-O h4 13.
g4 f5 $13) 12... Nf5 (12... b5 13. Nd5 $14 (13. cxb5 axb5 14. Nxb5 $2 Rxb5 15.
Bxc6 Bxc6 16. Rxc6 Qa8 $1 17. Qc3 Rb6 $19)) 13. Nd5 Nce7 14. O-O c6 {The
difficult part in english openings is the flexibility of pawn structures. Very
often the positions only gradually fall into their shapes.} (14... Nxd5 15.
cxd5 $14) 15. Ndc3 (15. Nxe7+ Qxe7 16. e4 Nd4 17. Nxd4 exd4 18. f4 $14) 15...
Be6 16. Ne4 d5 (16... f6 17. f4 $14) 17. cxd5 cxd5 18. Ng5 $1 (18. Nc5 Bc8 19.
f4 b6 $13) 18... Bc8 19. h4 Nc6 (19... f6 20. Nh3 Be6 21. d4 $14) 20. Rc5 d4 (
20... Nce7 21. Rfc1 $14) 21. exd4 Ncxd4 (21... exd4 22. Rfc1 $14) 22. Nxd4 Nxd4
$6 (22... exd4 23. Qf4 $14) 23. Re1 (23. f4 exf4 24. Rxf4 Bg4 25. Kh2 $14)
23... Bg4 (23... b6 24. Rd5 Qc7 25. Ba3 Bg4 26. Bd6 $16) (23... Qd6 24. Rd5 Qb6
25. Ba3 $16) 24. Rexe5 $1 {[%mdl 512] An excellent sacrifice of the exchange,
white pieces are obviously very active. The weakness of the diagonal a1-h8
will become fatal for black.} Bxe5 (24... b6 25. Rcd5 Bxe5 26. Rxe5 Rc8 (26...
f6 $6 27. Bd5+ Kg7 28. Bxd4 fxe5 29. Bxe5+ Rf6 30. Qf4 Bf5 31. Be4 $18) 27. Rd5
Rc2 28. Rxd8 Ne2+ 29. Qxe2 Bxe2 30. Bf6 $18) 25. Rxe5 Rc8 (25... f6 $6 26. Bd5+
Kg7 27. Bxd4 fxe5 28. Bxe5+ $18) (25... Nc6 26. Rd5 Qe7 27. Ne4 f6 28. Qh6 Qg7
29. Qxg7+ Kxg7 30. Rd6 $16) (25... Ne6 $2 26. Rxe6 $1 Bxe6 27. Qc3 $18) 26. Rd5
Ne2+ (26... Rc2 27. Rxd8 Ne2+ 28. Qxe2 Bxe2 29. Bf6 $18) 27. Kh2 Qc7 (27... Qe7
28. f3 Bf5 29. Re5 $18) 28. Ne4 {Shabalov's king is hopelesly weakened and
left to the white's dancing pieces.} f5 (28... f6 29. Rc5 Qd7 30. Rxc8 Qxc8 31.
f3 Nxg3 32. Kxg3 $18) 29. Qh6 $1 (29. Qh6 $1 Qh7 (29... fxe4 30. Qxg6+) 30.
Qxh7+ Kxh7 31. Rd7+ Kg8 32. Rg7+ Kh8 33. Ng5 Nc3 34. Rh7+ Kg8 35. Bd5+ $18) 1-0

[Event "ISL-FRA"]
[Site "Reykjavik"]
[Date "1993.??.??"]
[Round "7"]
[White "Stefansson, Hannes"]
[Black "Koch, Jean Rene"]
[Result "0-1"]
[WhiteElo "2495"]
[BlackElo "2450"]
[Annotator "Ftacnik,L"]
[PlyCount "32"]
[EventDate "1993.??.??"]
[EventType "schev"]
[EventRounds "10"]
[EventCountry "ISL"]
[SourceTitle "CBM 035"]
[Source "ChessBase"]
[SourceDate "1993.08.01"]
[SourceVersion "1"]
[SourceVersionDate "1993.08.01"]
[SourceQuality "1"]

1. c4 f5 2. b3 e5 3. Bb2 Nc6 4. e3 Nf6 5. a3 $5 g6 6. b4 $6 (6. Nf3) 6... d6 7.
d4 $6 (7. d3 Bg7 8. Nf3) 7... exd4 8. exd4 Bg7 9. d5 $2 Ne5 10. Be2 (10. Nf3
Nfg4 11. Nxe5 Nxe5 12. Nc3 O-O 13. Be2 f4 {/\ f3}) 10... O-O 11. Nh3 (11. Nf3
Nxf3+ 12. Bxf3 Re8+ 13. Be2 Qe7 $17) (11. Nd2 Qe7 12. Qc2 Re8) 11... f4 $1 12.
Nd2 (12. Nxf4 Ne4) (12. Ng5 h6 13. Nf3 (13. Ne6 Bxe6 14. dxe6 Qe7) 13... Nxf3+
14. Bxf3 Re8+) 12... Bxh3 13. gxh3 f3 14. Nxf3 (14. Bxf3 Nd3+ $19) 14... Ne4
15. Rb1 (15. Nxe5 Nxf2 16. Qc2 Nxh1 17. Nf3 Bxb2 18. Qxb2 Qe7 $19) 15... Nxf3+
16. Bxf3 Bc3+ $1 (16... Bc3+ $1 17. Kf1 (17. Ke2 Rxf3 18. Kxf3 Qf6+ 19. Ke3 (
19. Kxe4 Qf5+ 20. Ke3 Re8#) 19... Qxf2+ 20. Kd3 Bxb2 $19) 17... Rxf3 18. Qxf3
Nd2+ $19) 0-1

[Event "EU-ch 18th"]
[Site "Minsk"]
[Date "2017.06.06"]
[Round "7"]
[White "Jobava, Baadur"]
[Black "Ter Sahakyan, Samvel"]
[Result "1-0"]
[WhiteElo "2713"]
[BlackElo "2598"]
[Annotator "Ftacnik,L"]
[PlyCount "55"]
[EventDate "2017.05.30"]
[EventType "swiss"]
[EventRounds "11"]
[EventCountry "BLR"]
[SourceTitle "CBM 179"]
[Source "ChessBase"]
[SourceDate "2017.07.12"]
[SourceVersion "1"]
[SourceVersionDate "2017.07.12"]
[SourceQuality "1"]

1. b3 e5 2. Bb2 Nc6 3. e3 Nf6 4. h3 {Jobava is a very inventive player and
this move was played by him already in 2015 at the highest level. Its main
advantage is to avoid the well trodden paths of 4.Bb5.} (4. Bb5) 4... d5 5. Bb5
Bd6 6. Nf3 Qe7 7. d4 exd4 {Black has no reason to shy away from the opening of
the centre as the first player has effectvely lost a tempo with 4.h3.} (7... e4
8. Ne5 Bd7 9. Nxd7 Qxd7 10. c4 a6 11. Ba4 Qe6 12. Nd2 O-O 13. a3 Rab8 14. Rc1
Na7 15. cxd5 Nxd5 16. b4 c6 17. O-O f5 18. Bb3 $11 {1-0 (32) Trass,R (1754)
-Rossiter,P (1641) Hamilton 1999}) 8. Qxd4 $5 {Opening theory is so well
worked out in some lines that players are grateful for something fresh.
Recapturing with the queen develops yet another piece.} (8. Nxd4 Bd7 9. Nxc6
bxc6 10. Bd3 O-O 11. Nd2 Rfe8 12. O-O Rab8 13. Re1 Ne4 14. Qh5 h6 15. Nxe4 dxe4
16. Bc4 Be6 17. Bxe6 Qxe6 18. Qg4 Qxg4 19. hxg4 Rb5 20. f4 exf3 21. gxf3 h5 $11
{0-1 (42) Bobanac,M (2271)-Saric,K (2219) Bol 2011}) 8... O-O (8... Bd7 9. Bxc6
Bxc6 (9... bxc6 10. Nbd2 c5 11. Qh4 Ne4 12. Nxe4 dxe4 13. Bxg7 Qxh4 14. Nxh4
Rg8 15. Bf6 h5 16. O-O-O Be6 17. g3 Rb8 18. Ng2 Rg6 19. Bc3 Rd8 20. Kb2 Ke7 21.
Rd2 $16 {1-0 (54) Li,R (2538)-Niemann,H (2288) Saint Louis 2016}) 10. Nbd2 (10.
Ne5 Bxe5 11. Qxe5 Qxe5 12. Bxe5 O-O-O 13. Nd2 Rhe8 14. Bd4 Ne4 15. Nxe4 Rxe4
16. a4 a5 17. O-O-O f6 18. Rd3 b6 19. Rhd1 Re6 20. Bc3 Rd7 21. g4 Rf7 $11 {
1/2-1/2 (35) Certic,B (2390)-Mihic,B (2389) Belgrade 2015}) 10... O-O 11. O-O-O
a5 12. g4 a4 13. g5 Ne8 14. Kb1 axb3 15. axb3 Bc5 16. Qe5 Bd6 17. Qxe7 Bxe7 18.
Rhg1 Nd6 19. Ne5 Be8 20. h4 f6 $11 {1/2-1/2 (46) Jobava,B (2699)-Jakovenko,D 
(2738) Khanty-Mansiysk 2015}) 9. Bxc6 bxc6 10. Nbd2 Re8 {Ter Sahakyan had a
lot of freedom in this position as White has no reason to hope for an
advantage.} (10... Bf5 11. O-O-O Ba3 12. Qe5 Be6 13. Nd4 Bxb2+ 14. Kxb2 Qd7 15.
f4 c5 16. N4f3 Rfe8 17. Qc3 Qe7 18. g4 c4 19. bxc4 Qc5 20. Ka1 dxc4 21. e4 $11
{1-0 (45) Li,R (2557)-Ludwig,J (2377) Las Vegas 2016}) (10... a5 11. Qh4 a4 12.
O-O Re8 13. Rfe1 Bf5 14. Bxf6 Qxf6 15. Qxf6 gxf6 16. Nd4 Bd7 17. c4 Bb4 18.
N4f3 Bf5 19. a3 Bc3 20. Rac1 Bb2 21. cxd5 Bxc1 22. Rxc1 axb3 23. Nxb3 cxd5 24.
Rxc7 Rec8 $17 {0-1 (72) Dicu,R (2284)-Parligras,M (2599) Calimanesti Caciulata
2016}) (10... c5 11. Qd3 (11. Qh4 d4 12. O-O-O dxe3 13. fxe3 Ne8 $11) 11... Bb7
12. O-O Nd7 $11) 11. O-O a5 (11... c5 12. Qd3 Bb7 13. c4 c6 $11) 12. c4 Bf5 {
Black is slightly unsure how to handle the position. It would have been
logical to push a pawn.} (12... a4 $5 13. Rac1 c5 14. Qd3 axb3 15. axb3 dxc4
16. Nxc4 Bb7 $11) 13. Rfd1 a4 14. Rac1 c5 {The danger for the d6-bishop forces
Black's hand in the centre; the position becomes more sharp.} (14... axb3 $2
15. c5 $1 Bc2 16. cxd6 cxd6 17. axb3 $16) 15. Qh4 c6 {The defender feels no
real danger and thus ignores the possibility of trading on b3.} (15... axb3 $5
16. axb3 c6 17. cxd5 cxd5 18. Bxf6 Qxf6 19. Qxf6 gxf6 20. e4 Be6 21. exd5 Bxd5
$11) 16. Bxf6 Qxf6 (16... gxf6 17. cxd5 cxd5 18. bxa4 Bd7 19. Qh5 Bxa4 20. Nb3
$11) 17. Qxf6 gxf6 18. bxa4 Be6 {There was a very clever defence with
counterplay along the d-file.} (18... Red8 $5 19. Nb3 dxc4 20. Rxc4 Bh2+ 21.
Kxh2 Rxd1 22. Nxc5 Be6 23. Rc2 Ra1 24. Nb3 Rf1 25. Nc5 $11) 19. Nb3 Rxa4 (19...
dxc4 $2 20. Rxd6 cxb3 21. axb3 Bxb3 22. Rxc5 $16) 20. cxd5 Bxd5 $2 {[%mdl 2048]
Black is obviously losing faith in his position and begins to play very
nervously. Three mistakes within 4 moves could kill many defendable positions..
..} (20... cxd5 21. Nxc5 Rxa2 22. Nd4 Be5 23. Nc6 $14) 21. Nxc5 Rxa2 22. Nd4
Bg3 $6 (22... Be5 23. e4 Be6 24. Ncxe6 fxe6 25. Nxc6 $16) 23. Nd3 (23. fxg3 $5
Rxg2+ 24. Kf1 Rxg3 25. Nd7 Kh8 26. Nxf6 Rexe3 27. Nxd5 cxd5 28. Rc8+ $16) (23.
Nc2 Bc7 24. Nb4 Ra7 25. Nxd5 cxd5 26. Rxd5 $16) 23... Bh4 $2 {The game of
chess is all about playing well with the pieces. The defender has violated
this principle so badly, that he now loses without delay.} (23... Bd6 24. Nxc6
Bb3 25. Ndb4 Bxd1 26. Nxa2 Ba4 27. Nd4 $16) 24. Nf5 $1 Bb3 25. Rf1 Bg5 26. f4
Rd8 $2 {When it rains, it pours... on Black. The last chance to pretend the
game could continue was tied up with a move of the bishop.} (26... Bc2 27. Rf2
Bxd3 28. Rxa2 Bxf5 29. fxg5 fxg5 30. Ra5 $16) 27. Nb4 Rb2 28. Nxc6 1-0

[Event "BLR-ch 71st"]
[Site "Minsk"]
[Date "2005.03.07"]
[Round "4"]
[White "Gorovets, Andrey"]
[Black "Fedorov, Alexei"]
[Result "0-1"]
[WhiteElo "2345"]
[BlackElo "2603"]
[Annotator "Ftacnik,L"]
[PlyCount "40"]
[EventDate "2005.03.04"]
[EventType "tourn"]
[EventRounds "13"]
[EventCountry "BLR"]
[EventCategory "9"]
[SourceTitle "CBM 106"]
[Source "ChessBase"]
[SourceDate "2005.06.06"]
[SourceVersion "1"]
[SourceVersionDate "2005.06.06"]
[SourceQuality "1"]

1. b3 e5 2. Bb2 Nc6 3. c4 Nf6 4. e3 d5 5. cxd5 Nxd5 6. a3 Bd6 7. Qc2 O-O 8. Nf3
Qe7 9. d3 f5 10. Nbd2 Kh8 11. b4 (11. Be2 Bd7 (11... Nb6 12. O-O Bd7 13. e4 a5
{1/2-1/2 Popchev,M-Sedlak,N/Stara Pazova 2001/ (13)}) 12. O-O (12. Nc4 b5 13.
Nxd6 cxd6 14. O-O Rfc8 15. Qd2 Be6 16. Rfc1 Nb6 17. d4 e4 18. Bxb5 exf3 19.
Bxc6 Rxc6 20. Rxc6 {1-0 Ibragimov,I-Iskusnyh,S/Ekaterinburg 1997/ (41)}) 12...
Rae8 (12... Nf6 13. Nc4 e4 14. Nfd2 exd3 15. Qxd3 Ne5 16. Nxe5 Bxe5 17. Bxe5
Qxe5 {1/2-1/2 Popchev,M-Todorovic,G/Vrnjacka Banja 1999/ (50)}) 13. Nc4 Rf6 14.
Rfd1 Rh6 15. Rac1 Rf8 16. Nxd6 cxd6 17. b4 a6 18. b5 axb5 19. Qb3 Nc7 20. d4 e4
21. d5 exf3 22. Bxf3 Na5 {0-1 Teske,H-Korneev,O/Bad Woerishofen 1998/ (37)})
11... Bd7 12. Be2 (12. b5 Nd8 13. Nc4 Nf7 $15) 12... Rae8 {Black is
surprizingly well prepared for any activity, all his forces are out and
cooperating.} 13. Nc4 (13. O-O e4 14. Nd4 exd3 15. Qxd3 (15. Bxd3 $2 Nxe3 $19)
15... f4 $13) 13... e4 (13... b5 14. Nxd6 cxd6 15. Qd2 $11) 14. Nxd6 (14. Nd4
exd3 15. Qxd3 Ne5 16. Nxe5 Bxe5 17. g3 f4 $15) 14... cxd6 (14... exf3 $2 15.
Nxe8 fxe2 16. Bxg7+ Kg8 17. Bxf8 Qxf8 18. b5 $18) 15. dxe4 (15. Nd2 f4 16. Nxe4
fxe3 17. O-O exf2+ $17) 15... fxe4 16. Nd4 (16. Nd2 Qg5 17. g3 Bh3 $1 18. Nxe4
$2 Qf5 19. Bd3 Qf3 20. Rg1 Bf5 $19) 16... Qg5 17. g3 $2 {White sees the
necessity to defend his kingside, but his tactical solution is plain wrong.} (
17. Nxc6 bxc6 (17... Qxg2 18. O-O-O Rxf2 19. Rhg1 Rxe2 20. Rxg2 Rxc2+ 21. Rxc2
Nxe3 22. Rg1 $14) 18. Bf1 Re7 $15) 17... Rxf2 $1 18. Nxc6 (18. Qb3 Ref8 19.
Nxc6 Bxc6 $19) (18. Kxf2 Qxe3+ 19. Ke1 (19. Kg2 Nf4+ $1 20. gxf4 Bh3#) 19...
Nxd4 20. Bxd4 Qxd4 21. Rd1 Ne3 $19) 18... Nxe3 19. Qc3 Ref8 20. Nd4 (20. Qxg7+
Qxg7 21. Bxg7+ Kxg7 22. Nd4 Ng2+ 23. Kd2 Bg4 $19) 20... Rxe2+ $1 {[%mdl 64]
The attacker has achieved a rare feat of perfect cooperation of all his
aggressive forces.} (20... Rxe2+ $1 21. Nxe2 (21. Kxe2 Bg4+ 22. Ke1 Ng2#) 21...
Ng2+ 22. Kd1 Ba4+ $19) 0-1